000 00833nam a22002537a 4500
999 _c134460
_d134460
003 dpl
005 20181109160149.0
008 181109b ||||| |||| 00| 0 eng d
010 _aB-276987, B-284847
020 _c00.00
_a9781403144140
035 _aB-276987, B-284847
037 _bCen Lib/Ret
040 _aDPL
_bEN
_c0
082 _a299.936
_bHUB
100 _aHubbard, L. Ron
_940784
245 _aAdvanced procedure and axioms /
_cby L. Ron Hubbard
260 _aCalifornia
_bBridge Publications, Inc.
_c2007
270 _bCalifornia
_a4751 founttain avenue, lose angeles
_e90029
300 _a295p.
_c23cm(Hb)
500 _aIncludes appendix, glossary, bibliographical reference and index
650 _aScientology
_940785
650 _aPsychotherapy
_934846
942 _2ddc
_cEN
_h299.936
_mHUB